Southville International School and Colleges
Your cart is empty.
  • Cart
  • Lists
    Public lists Eva Luna New books Lux_list list_1
    Your lists Log in to create your own lists
  • Log in to your account
  • Your cookies
  • Search history
Southville International School and Colleges
  • Advanced search
  • Recent comments
  • Most popular
  • Libraries

Log in to your account

Log in with GOOGLE


If you do not have an external account, but do have a local account, you can still log in:

  1. Home
  2. MARC view: The capture /
Normal view MARC view ISBD view

The capture / (Record no. 11214)

[ view plain ]
MARC details
000 -LEADER
fixed length control field 01425cam a22003253a 4500
001 - CONTROL NUMBER
control field 13486706
003 - CONTROL NUMBER IDENTIFIER
control field OSt
005 - DATE AND TIME OF LATEST TRANSACTION
control field 20140310182244.0
008 - FIXED-LENGTH DATA ELEMENTS--GENERAL INFORMATION
fixed length control field 040210s2003 nyu j 000 1 eng d
010 ## - LIBRARY OF CONGRESS CONTROL NUMBER
LC control number 2004269393
020 ## - INTERNATIONAL STANDARD BOOK NUMBER
International Standard Book Number 9780545010344
035 ## - SYSTEM CONTROL NUMBER
System control number (OCoLC)ocm52376086
040 ## - CATALOGING SOURCE
Original cataloging agency EOW
Transcribing agency EOW
Modifying agency OCLCQ
-- DLC
050 00 - LIBRARY OF CONGRESS CALL NUMBER
Classification number PZ 7
Item number .L335 2003
082 ## - DEWEY DECIMAL CLASSIFICATION NUMBER
Classification number FIC
Item number L33 2003
100 1# - MAIN ENTRY--PERSONAL NAME
Personal name Lasky, Kathryn.
9 (RLIN) 6040
245 14 - TITLE STATEMENT
Title The capture /
Statement of responsibility, etc by Kathryn Lasky.
260 ## - PUBLICATION, DISTRIBUTION, ETC. (IMPRINT)
Place of publication, distribution, etc New York :
Name of publisher, distributor, etc Scholastic,
Date of publication, distribution, etc c2003.
300 ## - PHYSICAL DESCRIPTION
Extent 226 p. ;
Dimensions 20 cm.
440 #0 - SERIES STATEMENT/ADDED ENTRY--TITLE
Title Guardians of Ga'Hoole ;
Volume number/sequential designation bk. 1
9 (RLIN) 19331
650 #0 - SUBJECT ADDED ENTRY--TOPICAL TERM
Topical term or geographic name as entry element Owls
Form subdivision Juvenile fiction.
9 (RLIN) 19332
650 #0 - SUBJECT ADDED ENTRY--TOPICAL TERM
Topical term or geographic name as entry element Gylfie (Fictitious character)
Form subdivision Juvenile fiction.
9 (RLIN) 19333
650 #0 - SUBJECT ADDED ENTRY--TOPICAL TERM
Topical term or geographic name as entry element Tyto (Imaginary place)
Form subdivision Juvenile fiction.
9 (RLIN) 19334
651 #0 - SUBJECT ADDED ENTRY--GEOGRAPHIC NAME
Geographic name Soren (Fictitious character)
Form subdivision Juvenile fiction.
9 (RLIN) 19335
856 42 - ELECTRONIC LOCATION AND ACCESS
Materials specified Publisher description
Uniform Resource Identifier <a href="http://www.loc.gov/catdir/description/schol051/2004269393.html">http://www.loc.gov/catdir/description/schol051/2004269393.html</a>
906 ## - LOCAL DATA ELEMENT F, LDF (RLIN)
a 7
b cbc
c copycat
d 3
e ncip
f 20
g y-gencatlg
942 ## - ADDED ENTRY ELEMENTS (KOHA)
Source of classification or shelving scheme Library of Congress Classification
Koha item type
Call number prefix
Holdings
Withdrawn status Lost status Source of classification or shelving scheme Damaged status Home library Current library Shelving location Date acquired Total Checkouts Total Renewals Full call number Barcode Date last seen Date checked out Copy number Price effective from Koha item type
    Library of Congress Classification   Luxembourg Library Luxembourg Library Fiction Section 09/13/2013 1 4 PZ 7 .L335 2003 18630 09/06/2017 08/03/2017 1 09/13/2013 Books

The capture /

APA

Lasky K., . (2003). The capture. New York: Scholastic.

Chicago

Lasky Kathryn, . 2003. The capture. New York: Scholastic.

Harvard

Lasky K., . (2003). The capture. New York: Scholastic.

MLA

Lasky Kathryn, . The capture. New York: Scholastic. 2003.

  • Place hold
  • Print
  • Cite
  • Add to your cart (remove)
  • Save record
    BIBTEX Dublin Core MARCXML MARC (non-Unicode/MARC-8) MARC (Unicode/UTF-8) MARC (Unicode/UTF-8, Standard) MODS (XML) RIS
  • More searches
    Search for this title in:
    Other Libraries (WorldCat) Other Databases (Google Scholar) Online Stores (Bookfinder.com) Open Library (openlibrary.org)

Exporting to Dublin Core...

SOUTHVILLE LIBRARY

Southville International School and Colleges Library

1281 Tropical Ave. Cor. Luxembourg St., BF Homes International, Las Pinas City

Tel. No. 8256374 / 252358 Loc. 117/146

Powered by Koha